zpět

Detail výsledku týmu

MaxWilliam, Znojmo

Datum a čas kvízu

39 Celkem bodů Celkový počet nahraných bodů na tomto kvízu bez doplňovacích otázek.
3. Pořadí na kvízu Konečné umístění týmu na tomto kvízu.

Zaznamenané odpovědi

# Otázka Odpověď Body Výsledky
1. Předseda Nejvyššího soudu přij... Pavel Šámal 1
2. Jediná letadlová loď ruského n... Kuzněcov 1
3. Jak se jmenuje osobnost, která... Veronika Khek Kubařová 1
4. Moneta Money Bank podepsala sm... Wüstenrot 1
5. Jak se jmenuje slovenská lyžař... Petra Vlhová 1
6. Podíváme se na hlášky z různýc... přilepšit si 1
7. "Dám vám hádanku a když ji uhá... kamizola 1
8. Ty knedlíky připomínají vajíčk... mořské želvy 1
9. „Prase počká. Ty jsi přednější... Pandrholo 1
10. "Žvejka to je hrozný hnus, žve... Willy Wonka 1